Entry Toplantı Adı
001 - KONTROL NUMARASI
- Kontrol alanı: 16630
003 - KONTROL NUMARASI KİMLİĞİ
- Kontrol alanı: TR-BiSEU
005 - SON İŞLEM TARİHİ VE ZAMANI
- Kontrol alanı: 20260207001533.0
008 - SABİT UZUNLUKTAKİ VERİ ÖGELERİ - GENEL BİLGİ
- Sabit uzunlukta kontrol alanı: 260207|| aca||aabn | a|a d
040 ## - KATALOGLAMA KAYNAĞI
- Özgün kataloglama kurumu: TR-BiSEU
- Çeviri kurumu: TR-BiSEU
111 ## - KONU BAŞLIKLARI - TOPLANTI ADI
- Toplantı adı: International conference AMITEM 2008 Ancient mining in th Turkey and the Eastern Mediterranean, June 15-22, 2008 Ankara, Turkey
670 ## - BİLGİNİN KAYNAĞI
- Bilginin alındığı kaynak: KOHA: (TR-BiSEU)6709: International conference AMITEM 2008 Ancient mining in th Turkey and the Eastern Mediterranean, June 15-22, 2008 Ankara, Turkey., Ancient mining in Turkey and the Eastern Mediterranean/
